Movies Quiz

Random Movies or Role Quiz

Whom Did Leonardo DiCaprio Play? Quiz Stats

 Plays Quiz Updated Nov 30, 2017

Challenge
Share
Tweet
Embed
Score 0/20 Timer 06:00
12 Plays Today
Question Answer Wrong Answers
Who did Leonardo DiCaprio play in...
Titanic?
Jack Dawson
97.2%
Cal Hockley
0.2%
Captain Smith
0.2%
J. Bruce Ismay
0.2%
Who did Leonardo DiCaprio play in...
Romeo + Juliet?
Romeo
96%
Mercutio
0.7%
Tybalt
0.5%
Benvolio
0.3%
Who did Leonardo DiCaprio play in...
The Great Gatsby?
Jay Gatsby
93.2%
Nick Carraway
2.5%
Tom Buchanan
1.2%
George Wilson
0.7%
Who did Leonardo DiCaprio play in...
J. Edgar?
J. Edgar Hoover
89.9%
Clyde Tolson
1.9%
Charles Lindbergh
2.8%
Robert F. Kennedy
2.6%
Who did Leonardo DiCaprio play in...
Catch Me If You Can?
Frank Abagnale, Jr.
85.3%
Carl Hanratty
2.3%
Frank Abagnale, Sr.
8%
Roger Strong
2%
Who did Leonardo DiCaprio play in...
The Aviator?
Howard Hughes
83.6%
Noah Dietrich
3.4%
Owen Brewster
4%
Errol Flynn
5.8%
Who did Leonardo DiCaprio play in...
Django Unchained?
Calvin J. Candie
79.2%
Django
7.2%
Dr. King Schultz
7%
Stephen
4%
Who did Leonardo DiCaprio play in...
The Wolf of Wall Street?
Jordan Belfort
77%
Donnie Azoff
8.9%
Mark Hanna
2.8%
Patrick Denham
8.6%
Who did Leonardo DiCaprio play in...
The Man in the Iron Mask?
Louis XIV/Philippe
67.4%
D'Artagnan
14.6%
Aramis
8.4%
Athos
6.5%
Who did Leonardo DiCaprio play in...
Blood Diamond?
Danny Archer
65.3%
Solomon Vandy
19.7%
Colonel Coetzee
8.4%
Captain Poison
3.4%
Who did Leonardo DiCaprio play in...
Gangs of New York?
Amsterdam Vallon
63.8%
Boss Tweed
8%
Priest Vallon
5.9%
Bill 'The Butcher' Cutting
19.1%
Who did Leonardo DiCaprio play in...
The Departed?
Billy Costigan
61.6%
Colin Sullivan
6.8%
Frank Costello
23.1%
Sean Dignam
5.4%
Who did Leonardo DiCaprio play in...
Inception?
Dom Cobb
58.8%
Arthur
8.2%
Eames
7.9%
Robert Michael Fischer
22.2%
Who did Leonardo DiCaprio play in...
Shutter Island?
Teddy Daniels
55.5%
Chuck Aule
12.2%
Dr. John Cawley
21.8%
Dr. Jeremiah Naehring
7.5%
Who did Leonardo DiCaprio play in...
Revolutionary Road?
Frank Wheeler
51.3%
John Givings
12.7%
Shep Campbell
10.7%
Jack Ordway
21.6%
Who did Leonardo DiCaprio play in...
What's Eating Gilbert Grape?
Arnie Grape
43.3%
Gilbert Grape
49.3%
Ken Carver
2.1%
Tucker Van Dyke
2.7%
Who did Leonardo DiCaprio play in...
The Revenant?
Hugh Glass
43.1%
John Fitzgerald
21.7%
Andrew Henry
12.9%
Jim Bridger
19.4%
Who did Leonardo DiCaprio play in...
The Basketball Diaries?
Jim Carroll
41.4%
Pedro
5.6%
Neutron
6.3%
Mickey
43.1%
Who did Leonardo DiCaprio play in...
Body of Lies?
Roger Ferris
41.1%
Ed Hoffman
31.7%
Skip
16.3%
Hani Salaam
7.1%
Who did Leonardo DiCaprio play in...
Marvin's Room?
Hank Lacker
11.8%
Charlie Lacker
13.2%
Dr. Wally Carter
4.7%
Marvin Wakefield
66.8%

You're not logged in!

Compare scores with friends on all Sporcle quizzes.
OR
Log In

You Might Also Like...

Show Comments

Extras

Top Quizzes Today


Score Distribution

Your Account Isn't Verified!

In order to create a playlist on Sporcle, you need to verify the email address you used during registration. Go to your Sporcle Settings to finish the process.

Report this User

Report this user for behavior that violates our Community Guidelines.

Details: